|
|
|
|
| LEADER |
01127nam a2200313 a 4500 |
| 001 |
428 |
| 003 |
BD-DhAAL |
| 005 |
20150602135436.0 |
| 008 |
930922s1994 nyua 001 0 eng |
| 010 |
|
|
|a 93036768
|
| 020 |
|
|
|a 047130929X (acidfree paper) :
|c $27.95
|
| 040 |
|
|
|a DLC
|c DLC
|d DLC
|d BD-DhAAL
|
| 050 |
0 |
0 |
|a T385
|b .W457 1994
|
| 082 |
0 |
0 |
|a 006.6/762
|2 20
|
| 100 |
1 |
|
|a Heiny, Loren.
|9 11611
|
| 245 |
1 |
0 |
|a Power graphics using Turbo C++ /
|c Loren Heiny.
|
| 250 |
|
|
|a 2nd ed.
|
| 260 |
|
|
|a New York :
|b Wiley,
|c c1994.
|
| 300 |
|
|
|a xvi, 447 p. :
|b ill. ;
|c 24 cm.
|
| 500 |
|
|
|a Revised and updated ed. of: Power graphics using Turbo C++ / Keith Weiskamp. c1991.
|
| 500 |
|
|
|a "Coriolis Group book."
|
| 500 |
|
|
|a Includes index.
|
| 541 |
|
|
|e 428
|
| 630 |
0 |
0 |
|a Turbo C++.
|9 11612
|
| 650 |
|
0 |
|a Computer graphics.
|9 11613
|
| 700 |
1 |
|
|a Weiskamp, Keith.
|t Power graphics using Turbo C++.
|9 11614
|
| 942 |
|
|
|2 ddc
|c BK
|
| 999 |
|
|
|c 34590
|d 34590
|
| 952 |
|
|
|0 0
|1 0
|2 ddc
|4 0
|6 006_676200000000000_HEI
|7 0
|9 54018
|a SCL
|b SCL
|c GEN
|d 2015-06-02
|e Gift: The Asia Foundation
|l 2
|o 006.6762 HEI
|p 3020000428
|r 2018-05-21
|s 2018-05-17
|t 1
|w 2015-06-02
|y BK
|